<?xml version="1.0" encoding="UTF-8"?>
<record
    xmlns:xsi="http://www.w3.org/2001/XMLSchema-instance"
    xsi:schemaLocation="http://www.loc.gov/MARC21/slim http://www.loc.gov/standards/marcxml/schema/MARC21slim.xsd"
    xmlns="http://www.loc.gov/MARC21/slim">

  <leader>00866nam a22001457a 4500</leader>
  <datafield tag="999" ind1=" " ind2=" ">
    <subfield code="c">128282</subfield>
    <subfield code="d">128282</subfield>
  </datafield>
  <controlfield tag="005">20220912102606.0</controlfield>
  <controlfield tag="008">220912b           ||||| |||| 00| 0 eng d</controlfield>
  <datafield tag="040" ind1=" " ind2=" ">
    <subfield code="c">PK-LaUMT</subfield>
  </datafield>
  <datafield tag="082" ind1=" " ind2=" ">
    <subfield code="a">APC 297.4</subfield>
    <subfield code="b">DAU-S</subfield>
  </datafield>
  <datafield tag="100" ind1=" " ind2=" ">
    <subfield code="a">Daud, Muhammad = &#x62F;&#x627;&#x648;&#x657;&#x62F;&#x60C; &#x645;&#x62D;&#x645;&#x62F;</subfield>
  </datafield>
  <datafield tag="245" ind1=" " ind2=" ">
    <subfield code="a">Sirat i  Ghaus i Azam quda sira ul aziz yani Mahboob sSubhani, Qutab i Rabbani, Ghaus i Samdani Hazrat Shaikh Abdul Qadir Gilani Razi Allah Unho ke jamea aur mustnad halaat =  &#x633;&#x6CC;&#x631;&#x62A;&#x650; &#x63A;&#x648;&#x62B;&#x650; &#x627;&#x639;&#x638;&#x645; &#x642;&#x62F;&#x633; &#x633;&#x631;&#x6C1; &#x627;&#x644;&#x639;&#x632;&#x6CC;&#x632; &#x6CC;&#x639;&#x646;&#x6CC; &#x645;&#x62D;&#x628;&#x648;&#x628; &#x633;&#x628;&#x62D;&#x627;&#x646;&#x6CC;&#x60C; &#x642;&#x637;&#x628;&#x650; &#x631;&#x628;&#x627;&#x646;&#x6CC;&#x60C; &#x63A;&#x648;&#x62B; &#x635;&#x645;&#x62F;&#x627;&#x646;&#x6CC; &#x62D;&#x636;&#x631;&#x62A; &#x634;&#x6CC;&#x62E; &#x639;&#x628;&#x62F;&#x627;&#x644;&#x642;&#x627;&#x62F;&#x631; &#x62C;&#x6CC;&#x644;&#x627;&#x646;&#x6CC; &#x631;&#x636;&#x6CC; &#x627;&#x644;&#x644;&#x6C1; &#x639;&#x646;&#x6C1; &#x6A9;&#x6D2; &#x62C;&#x627;&#x645;&#x639; &#x627;&#x648;&#x631; &#x645;&#x64F;&#x633;&#x62A;&#x646;&#x62F; &#x62D;&#x627;&#x644;&#x627;&#x62A; /</subfield>
    <subfield code="c">by Muhammad Daud = &#x627;&#x632; &#x645;&#x62D;&#x645;&#x62F; &#x62F;&#x627;&#x648;&#x657;&#x62F;</subfield>
  </datafield>
  <datafield tag="260" ind1=" " ind2=" ">
    <subfield code="a">Dera Ismael Khan :</subfield>
    <subfield code="b">Maktabah Sirajia Khanqah Ahmadia,Saeedia,</subfield>
    <subfield code="c">1983</subfield>
  </datafield>
  <datafield tag="300" ind1=" " ind2=" ">
    <subfield code="a">304 p.</subfield>
  </datafield>
  <datafield tag="942" ind1=" " ind2=" ">
    <subfield code="c">BK</subfield>
  </datafield>
  <datafield tag="952" ind1=" " ind2=" ">
    <subfield code="0">0</subfield>
    <subfield code="1">0</subfield>
    <subfield code="4">0</subfield>
    <subfield code="7">0</subfield>
    <subfield code="a">01</subfield>
    <subfield code="b">01</subfield>
    <subfield code="d">2022-09-12</subfield>
    <subfield code="l">0</subfield>
    <subfield code="o">APC 297.4 DAU-S</subfield>
    <subfield code="p">143310</subfield>
    <subfield code="r">2022-09-12 00:00:00</subfield>
    <subfield code="w">2022-09-12</subfield>
    <subfield code="y">BK</subfield>
  </datafield>
</record>
